000 nam a22 4500
999 _c8982
_d8982
008 180322b ||||| |||| 00| 0 eng d
245 _a Asia Brewery opens hi-tech soy milk plant.
260 _aPhilippines:
_bThe Philippine Star,
_cc2017.
300 _apage B4.
650 0 _927052
_aBeverages.
942 _2ddc
_cPER